| 000 | 00577nam a2200217Ia 4500 | ||
|---|---|---|---|
| 003 | 0100 | ||
| 008 | 130303s9999 xx 000 0 und d | ||
| 020 | _a0675086698 | ||
| 040 | _cARRUPELIB | ||
| 050 | _aLA21 .O95 1981 | ||
| 100 | _aOzmon, Howard | ||
| 245 | _aPhilosophical foundations of education | ||
| 260 | _aColumbus, Ohio | ||
| 260 | _bCharles E. Merrill | ||
| 260 | _C1981 | ||
| 300 | _axiii | ||
| 300 | _b 297p. 25cm. | ||
| 440 | _aMerrill coordinated teacher preparation series | ||
| 700 | _aHoward Ozmon and Craver, Samuel M. (jt. au.) | ||
| 942 | 0 | 0 | _07 |
| 999 |
_c12265 _d12265 |
||